01128pab a2200157 454500008004000000245005100040260000900091300001400100362001100114520065300125650002700778773003400805909001000839999001700849952010400866180718b2005 xxu||||| |||| 00| 0 eng d aMICRO-FINANCE: transforming the economic ethic c2005 aP.275-78. a22 Jan aThe successful functioning of micro-finance institutions in several developing countries has fostered the rise of a new economic ethic. MFIs have helped in the successful inculcation of the saving habit, encouraged loan repayment as per a pre-set schedule, ensured the separation of the public and private spheres and overseen the commercialisation of economic life. Under this economic ethic, more than hierarchy or other traditional demarcations of status, it is money, the possession of it and its use in commercial commodity production that forms the measure of most things - in determining transactions, relationships and status. - Reproduced. aFinancial institutions aEconomic and Political Weekly a64075 c64075d64075 00104070aIIPAbIIPAd2018-07-19hVolume no: 40, Issue no: 4pAR64527r2018-07-19w2018-07-19yAR